Juden und ländliche Gesellschaft in Europa zwischen Mittelalter und Früher Neuzeit (15.-17. Jahrhundert): Kontinuität und Krise, Inklusion und Exklusion in einer Zeit des Übergangs
Im 15. bis 17. Jahrhundert wandelten sich die Rahmenbedingungen für jüdisches Leben in Europa grundlegend. Vertreibungen aus den städtischen Zentren führten zu einer stärkeren Präsenz von Juden in Dörfern und Kleinstädten. Im Heiligen Römischen Reich siedelten sie sich in kleineren und kleinsten Her...
| Subtitles: | Juden und ländliche Gesellschaft in Europa zwischen Mittelalter und Früher Neuzeit |
|---|---|
| Corporate Authors: | ; ; |
| Contributors: | ; |
| Format: | Print Book |
| Language: | German English French |
| Subito Delivery Service: | Order now. |
| Check availability: | HBZ Gateway |
| WorldCat: | WorldCat |
| Interlibrary Loan: | Interlibrary Loan for the Fachinformationsdienste (Specialized Information Services in Germany) |
| Published: |
Wiesbaden
Harrassowitz Verlag
2016
|
| In: |
Forschungen zur Geschichte der Juden / A (Band 24)
Year: 2016 |
| Series/Journal: | Forschungen zur Geschichte der Juden / A
Band 24 |
| Standardized Subjects / Keyword chains: | B
Europe
/ Rural area
/ Jews
/ History 1400-1699
|
| Further subjects: | B
Jews (Europe)
History 17th century
B History 1400-1699 B Jews B Europe B Jews (Europe) History 16th century B Rural area B Jews (Europe) History 15th century B Conference program |
| Online Access: |
Inhaltsbeschreibung Table of Contents |
| Sammlungen: |
MARC
| LEADER | 00000cam a2200000 c 4500 | ||
|---|---|---|---|
| 001 | 868743194 | ||
| 003 | DE-627 | ||
| 005 | 20251224202816.0 | ||
| 007 | tu | ||
| 008 | 160923s2016 gw ||||| 00| ||ger c | ||
| 015 | |a 16,N38 |2 dnb | ||
| 015 | |a 16,N38 |2 dnb | ||
| 016 | 7 | |a 1113119497 |2 DE-101 | |
| 020 | |a 9783447106368 |c Festeinband : circa EUR 58.00 (DE), circa EUR 59.70 (AT) |9 978-3-447-10636-8 | ||
| 020 | |a 3447106360 |9 3-447-10636-0 | ||
| 024 | 3 | |a 9783447106368 | |
| 035 | |a (DE-627)868743194 | ||
| 035 | |a (DE-603)396376401 | ||
| 035 | |a (DE-576)479560013 | ||
| 035 | |a (DE-599)DNB1113119497 | ||
| 035 | |a (OCoLC)958976212 | ||
| 035 | |a (OCoLC)958976212 | ||
| 040 | |a DE-627 |b ger |c DE-627 |e rda | ||
| 041 | |a ger |a eng |a fre | ||
| 044 | |c XA-DE-HE | ||
| 050 | 0 | |a DS135.E81 | |
| 082 | 0 | |a 940.2 | |
| 082 | 0 | |a 940/.04924 |2 23 | |
| 082 | 0 | |a 940 | |
| 082 | 0 | |a 940.04924 | |
| 082 | 0 | 4 | |a 940 |q DE-101 |
| 084 | |a BD 1430 |2 rvk |0 (DE-625)rvk/9838: | ||
| 084 | |a NY 4550 |q BVB |2 rvk |0 (DE-625)rvk/132344: | ||
| 084 | |a 15.34 |2 bkl | ||
| 084 | |a 15.96 |2 bkl | ||
| 111 | 2 | |j VerfasserIn |0 (DE-588)1118652533 |0 (DE-627)872159434 |0 (DE-576)479572887 |4 aut |a Juden auf dem Lande zwischen Mittelalter und Früher Neuzeit (15.-17. Jahrhundert): Inklusion und Exklusion durch Herrschaften und Gemeinden in ausgewählten Territorien Frankens (Teilprojekt A7) |e Abschlusstagung |d 2012 |c Trier | |
| 245 | 1 | 0 | |a Juden und ländliche Gesellschaft in Europa zwischen Mittelalter und Früher Neuzeit (15.-17. Jahrhundert) |b Kontinuität und Krise, Inklusion und Exklusion in einer Zeit des Übergangs |c herausgegeben von Sigrid Hirbodian und Torben Stretz |
| 246 | 3 | 0 | |a fünfzehntes bis siebzehntes |
| 246 | 3 | 3 | |a Juden und ländliche Gesellschaft in Europa zwischen Mittelalter und Früher Neuzeit |
| 264 | 1 | |a Wiesbaden |b Harrassowitz Verlag |c 2016 | |
| 300 | |a VIII, 275 Seiten |b Illustrationen, 1 Karte |c 24 cm x 17 cm | ||
| 336 | |a Text |b txt |2 rdacontent | ||
| 337 | |a ohne Hilfsmittel zu benutzen |b n |2 rdamedia | ||
| 338 | |a Band |b nc |2 rdacarrier | ||
| 490 | 1 | |a Forschungen zur Geschichte der Juden |a Abteilung A, Abhandlungen |v Band 24 | |
| 500 | |a Tagungsdaten im Internet recherchiert | ||
| 500 | |a Aus dem Vorwort: Der vorliegende Band dokumentiert die Abschlusstagung des Teilprojekts A 7 "Juden auf dem Lande zwischen Mittelalter und Früher Neuzeit: Inklusion und Exklusion durch Herrschaften und Gemeinden in ausgewählten Territorien Frankens" des Trierer Sonderforschungsbereichs 600 "Fremdheit und Armut. Wandel von Inklusions- und Exklusionsformen von der Antike bis zur Gegenwart" | ||
| 505 | 8 | 0 | |t Juden und ländliche Gesellschaft in Europa zwischen Mittelalter und Früher Neuzeit : zur Einführung |r Torben Stretz |
| 505 | 8 | 0 | |t The Jews' role in the Polish rural economy and its evolution, c.1400-1700 |r Hanna Węgrzynek |
| 505 | 8 | 0 | |t Die wirtschaftlichen Beziehungen Prager Juden zum Adel in den böhmischen Ländern an der Wende vom 16. zum 17. Jahrhundert |r Marie Buňatová |
| 505 | 8 | 0 | |t Dass sye gute Freundt under einander bleiben sollen? : Jüdisch-christliche Kreditnetze in der ländlichen Gesellschaft während der Frühen Neuzeit |r Sabine Ullmann |
| 505 | 8 | 0 | |t Komplexität auf kleinem Raum : Judenpolitik in der Grafschaft Hanau-Münzenberg vom Ausgang des Mittelalters bis zum Ende des Dreissigjährigen Krieges |r Wolfgang Treue |
| 505 | 8 | 0 | |t Dorfs Herrschaften aneinander hetzen? : Kondominat und Kondominium und ihre Bedeutung für jüdisches Siedeln und Leben anhand fränkischer Beispiele |r Torben Stretz |
| 505 | 8 | 0 | |t Die Juden in der oberhessischen Ganerbschaft Buseckertal |r J. Friedrich Battenberg |
| 505 | 8 | 0 | |t Communautés juives rurales en Provence : De la tallia judeorum à la tallia neofitorum |r Danièle Iancu-Agou |
| 505 | 8 | 0 | |t Landjudentum als kulturelles System? : Beobachtungen aus Unterfranken |r Rotraud Ries |
| 505 | 8 | 0 | |t Der Wandel jüdischen Selbstverständnisses vom Spätmittelalter zur Frühen Neuzeit im Spiegel der Objektkultur |r Annette Weber |
| 505 | 8 | 0 | |t Rural Jewry as seen through the lens of rabbinic responsa : the example of Yair Hayyim Bacharach |r Debra Kaplan |
| 505 | 8 | 0 | |t Friedhöfe jüdischer Landgemeinden in der Frühen Neuzeit |r Nathanja Hüttenmeister |
| 505 | 8 | 0 | |t Die Autorinnen und Autoren dieses Bandes ; Orts- und Personenregister. |
| 520 | |a Im 15. bis 17. Jahrhundert wandelten sich die Rahmenbedingungen für jüdisches Leben in Europa grundlegend. Vertreibungen aus den städtischen Zentren führten zu einer stärkeren Präsenz von Juden in Dörfern und Kleinstädten. Im Heiligen Römischen Reich siedelten sie sich in kleineren und kleinsten Herrschaften an; ritterschaftliche Territorien und Kondominate entwickelten sich zu bevorzugten Rückzugsgebieten. Auch in anderen Regionen Europas spielten die Beziehungen der jüdischen Gemeinschaft zur ländlichen Gesellschaft nun eine grössere Rolle. Damit gingen Veränderungen in den wirtschaftlichen, rechtlichen, politischen und kulturellen Strukturen einher; auch das gemeindliche Leben musste neu organisiert werden. Der Begriff "Landjudentum" erscheint für diese Epoche des Übergangs zunächst ungeeignet; an ihrem Ende lässt er sich im Sinne eines "kulturellen Profils" fassen. Der vorliegende Band dokumentiert die Abschlusstagung des Teilprojekts A 7 "Juden auf dem Lande" im Trierer Sonderforschungsbereich "Fremdheit und Armut. Wandel von Inklusions- und Exklusionsformen von der Antike bis zur Gegenwart". Mit Beiträgen von Friedrich Battenberg, Marie Bunatová, Nathanja Hüttenmeister, Danièle Iancu-Agou, Debra Kaplan, Rotraud Ries, Torben Stretz, Wolfgang Treue, Sabine Ullmann, Annette Weber und Hanna Wegrzynek | ||
| 546 | |a Beiträge überwiegend deutsch, teilweise englisch und französisch | ||
| 583 | 1 | |a Archivierung/Langzeitarchivierung gewährleistet |f PEHE |2 pdager |5 DE-43 | |
| 601 | |a Gesellschaft | ||
| 601 | |a Mittelalter | ||
| 601 | |a Neuzeit | ||
| 601 | |a Inklusion | ||
| 601 | |a Kontinuität | ||
| 648 | 7 | |a Geschichte 1400-1699 |2 gnd | |
| 650 | 0 | |a Jews |z Europe |x History |y 15th century | |
| 650 | 0 | |a Jews |z Europe |x History |y 16th century | |
| 650 | 0 | |a Jews |z Europe |x History |y 17th century | |
| 650 | 0 | 7 | |0 (DE-588)4034026-0 |0 (DE-627)106254863 |0 (DE-576)209004657 |a Ländlicher Raum |2 gnd |
| 650 | 0 | 7 | |0 (DE-588)4028808-0 |0 (DE-627)10430670X |0 (DE-576)208979565 |a Juden |2 gnd |
| 651 | 7 | |0 (DE-588)4015701-5 |0 (DE-627)104289007 |0 (DE-576)208913092 |a Europa |2 gnd | |
| 655 | 7 | |a Konferenzschrift |0 (DE-588)1071861417 |0 (DE-627)826484824 |0 (DE-576)433375485 |2 gnd-content | |
| 689 | 0 | 0 | |d g |0 (DE-588)4015701-5 |0 (DE-627)104289007 |0 (DE-576)208913092 |2 gnd |a Europa |
| 689 | 0 | 1 | |d s |0 (DE-588)4034026-0 |0 (DE-627)106254863 |0 (DE-576)209004657 |2 gnd |a Ländlicher Raum |
| 689 | 0 | 2 | |d s |0 (DE-588)4028808-0 |0 (DE-627)10430670X |0 (DE-576)208979565 |2 gnd |a Juden |
| 689 | 0 | 3 | |q z |2 gnd |a Geschichte 1400-1699 |
| 689 | 0 | |5 DE-101 | |
| 700 | 1 | |e HerausgeberIn |0 (DE-588)1017670196 |0 (DE-627)690393954 |0 (DE-576)168515369 |4 edt |a Hirbodian, Sigrid |d 1960- | |
| 700 | 1 | |e HerausgeberIn |0 (DE-588)1118374592 |0 (DE-627)871931648 |0 (DE-576)47943333X |4 edt |a Stretz, Torben |d 1982- | |
| 710 | 2 | |e Verlag |0 (DE-588)1068107626 |0 (DE-627)820120251 |0 (DE-576)427313880 |4 pbl |a Otto Harrassowitz GmbH & Co. KG | |
| 710 | 2 | |e VeranstalterIn |0 (DE-588)10120108-4 |0 (DE-627)502650192 |0 (DE-576)200612026 |4 orm |a Sonderforschungsbereich Fremdheit und Armut. Wandel von Inklusions- und Exklusionsformen von der Antike bis zur Gegenwart | |
| 830 | 0 | |a Forschungen zur Geschichte der Juden / A |v Band 24 |9 24 |w (DE-627)507502191 |w (DE-576)045681805 |w (DE-600)2222462-2 |x 2510-2052 |7 am | |
| 856 | 4 | 2 | |u http://d-nb.info/1113119497/04 |m B:DE-101 |q application/pdf |3 Inhaltsverzeichnis |7 1 |
| 856 | 4 | 2 | |u https://www.harrassowitz-verlag.de/title_475.ahtml |x Verlag |y Inhaltsbeschreibung |7 1 |
| 935 | |a FBGO |a mteo | ||
| 935 | |h SWB |i 4170rda | ||
| 935 | |i Blocktest | ||
| 936 | r | v | |a BD 1430 |b Darstellungen |k Theologie und Religionswissenschaften |k Judaistik |k Allgemeines |k Judentum und Umwelt |k Judentum und Christentum |k Bis ca. 1800 n. Chr. |k Darstellungen |0 (DE-627)1270651277 |0 (DE-625)rvk/9838: |0 (DE-576)200651277 |
| 936 | r | v | |a NY 4550 |b Allgemeines |k Geschichte |k Geschichte der Juden |k Geschichte der Juden nach Zeitabschnitten und Ländern |k Mittelalter und Neuzeit |k Allgemeines |0 (DE-627)1271541211 |0 (DE-625)rvk/132344: |0 (DE-576)201541211 |
| 936 | b | k | |a 15.34 |j Europäische Geschichte 1492-1789 |0 (DE-627)181569574 |
| 936 | b | k | |a 15.96 |j Geschichte des jüdischen Volkes außerhalb des Staates Israel |0 (DE-627)106404660 |
| 951 | |a BO | ||
| ACO | |a 1 | ||
| ELC | |b 1 | ||
| ITA | |a 1 |t 1 | ||
| LOK | |0 000 xxxxxcx a22 zn 4500 | ||
| LOK | |0 001 3241230465 | ||
| LOK | |0 003 DE-627 | ||
| LOK | |0 004 868743194 | ||
| LOK | |0 005 20170202092342 | ||
| LOK | |0 008 170112||||||||||||||||ger||||||| | ||
| LOK | |0 040 |a DE-21 |c DE-627 |d DE-21 | ||
| LOK | |0 852 |a DE-21 | ||
| LOK | |0 852 1 |c 57 A 802 |9 00 | ||
| LOK | |0 938 |a 1701 |f 25 | ||
| LOK | |0 939 |a 12-01-17 |b l01 | ||
| LOK | |0 000 xxxxxcx a22 zn 4500 | ||
| LOK | |0 001 3241230554 | ||
| LOK | |0 003 DE-627 | ||
| LOK | |0 004 868743194 | ||
| LOK | |0 005 20200709152333 | ||
| LOK | |0 008 161202||||||||||||||||ger||||||| | ||
| LOK | |0 040 |a DE-21-64 |c DE-627 |d DE-21-64 | ||
| LOK | |0 541 |e 40863 | ||
| LOK | |0 852 |a DE-21-64 | ||
| LOK | |0 852 1 |c Qha 122 - 24 |m p |9 00 | ||
| LOK | |0 866 |x #a#Hirbodian, Sigrid#/a# | ||
| LOK | |0 935 |a t064 | ||
| LOK | |0 938 |a 1612 | ||
| LOK | |0 938 |k p | ||
| LOK | |0 939 |a 02-12-16 |b l01 | ||
| LOK | |0 000 xxxxxcx a22 zn 4500 | ||
| LOK | |0 001 4582559700 | ||
| LOK | |0 003 DE-627 | ||
| LOK | |0 004 868743194 | ||
| LOK | |0 005 20250127142657 | ||
| LOK | |0 008 240923||||||||||||||||ger||||||| | ||
| LOK | |0 040 |a DE-Tue135 |c DE-627 |d DE-Tue135 | ||
| LOK | |0 092 |o n | ||
| LOK | |0 852 |a DE-Tue135 | ||
| LOK | |0 852 1 |9 00 | ||
| LOK | |0 866 |x SPQUE#Forschungsbibliothek Gotha#SPSAM#Bestand Theologie (bis 2024-03) | ||
| LOK | |0 935 |a FBGO |a goth | ||
| LOK | |0 939 |a 23-09-24 |b l01 | ||
| ORI | |a SA-MARC-ixtheoa001.raw | ||
| REL | |a 1 | ||
| STA | 0 | 0 | |a Europe,Europe,Europe,The West,Occident,Northeastern Europe,Jews,Jews,Jew,Jews in literature,Rural area |
| STB | 0 | 0 | |a Espace rural,Campagne,Campagne,Europe,Juifs,Juifs |
| STC | 0 | 0 | |a Europa,Judíos,Judíos,Judíos,Región rural |
| STD | 0 | 0 | |a Ebrei,Ebrei,Europa,Spazio rurale |
| STE | 0 | 0 | |a 农村地区,乡郊地区,犹太人,犹太人 |
| STF | 0 | 0 | |a 猶太人,猶太人,農村地區,鄉郊地區 |
| STG | 0 | 0 | |a Europa,Judeus,Judeus,Região rural |
| STH | 0 | 0 | |a Евреи (мотив),Евреи,Европа (мотив),Сельский район |
| STI | 0 | 0 | |a Αγροτική περιοχή,Εβραίοι (μοτίβο),Εβραίοι,Ευρώπη (μοτίβο) |
| SUB | |a REL | ||
| SYE | 0 | 0 | |a Land <Ländlicher Raum>,Agrarraum,Ländliche Region,Ländliches Gebiet,Land,Agrarraum,Ländliche Region,Ländliches Gebiet , Jews,Jüdinnen,Jude,Jüdin,Jude |
| SYF | 0 | 0 | |a Liberté,Europa III,Europe,Europäische Länder,Europäische Staaten , Abendland,Okzident |
| SYG | 0 | 0 | |a Liberté,Europa III,Europe,Europäische Länder,Europäische Staaten , Abendland,Okzident , Land <Ländlicher Raum>,Agrarraum,Ländliche Region,Ländliches Gebiet,Land,Agrarraum,Ländliche Region,Ländliches Gebiet , Jews,Jüdinnen,Jude,Jüdin,Jude |
| TIM | |a 100014000101_100016991231 |b Geschichte 1400-1699 | ||